000 00967nam a2200301 i 4500
001 19016
003 ES-MaACL
005 20250829050236.0
007 t|
008 020513s2001 ag ||||1| spa d
020 _a950-12-5487-9
040 _aBP-CO
080 _a008"19"
080 _a130.2(8=134)"19"
080 _a008(8=134)"19"
100 1 _aGarcía Canclini, Néstor.
_954330
245 1 0 _aCulturas híbridas
_b: estrategias para entrar y salir de la modernidad /
_cNéstor García Canclini.
250 _aNueva edición.
260 _aBuenos Aires [etc.] :
_bPaidós,
_c2001.
300 _a349 p. ;
_c24 cm.
490 1 _aPaidós estado y sociedad ;
_v87
650 1 4 _aCivilización-
_yS.XX.
_911085
650 1 4 _aPostmodernismo-
_zAmérica Latina
_916330
651 _aAmérica Latina-
_xCivilización-
_yS.XX.
_97744
830 0 _aPaidós estado y sociedad ;
_v87
_9178635
852 _aES-MaACL
_jL-25474
_bR.131343
999 _c19016
_d19016